000 01135nam a2200361 i 4500
003 EG-GICUC
005 20260322004938.0
008 260322s1969 le ||||fr|||| 00| 0 eng d
040 _aEG-GiCUC
_beng
_cEG-GiCUC
_dEG-GiCUC
_erda
041 _aeng
082 0 4 _221
_a341.3
_bHE.I
092 0 4 _221
099 _aLaw1 11 341.3 HE.I 1969
100 1 _aHelou , Angelina
_eAuthor.
245 _aInteraction of Political, Military and Economic Factors in Israel /
_c Angelina Helou .
264 _aLebanon :
_bPalestine Research Center ,
_c1969 .
300 _a175 pages ,
_c24 cm
336 _2rda content
_atext
337 _2rda media
_aComputer
338 _2rda carrier
_aOnline Resource
490 _aPalestine Monographs
_vNo.16
504 _aBibliography: pages 165-175.
546 _aText in English
650 1 _aInternational relations
_zIsrael
650 1 _aPublic international law
650 1 _aPolitical factors
650 1 _aMilitary factors
650 1 _aEconomic factors
651 1 _2qrmak
856 4 0 _uhttps://fll.law.cu.edu.eg/fulltext/bks/B11-08653.pdf
905 _a60
942 _2ddc
_cBK
_e21
_n0
999 _c66486
_d66486